000
00284nam a22001337a 4500
003
SGT
082
_a
616.89
_b
C16N
100
_a
NAMBOODIRY, VMD
245
_a
CLINICAL METHODS IN PSYCHIATRY
250
_a
3RD
260
_a
INDIA
_b
CBS
_c
2016
300
_a
269
942
_2
ddc
_c
BK
_0
3
999
_c
14859
_d
14859